000 00606nam a2200205 i 4500
001 107657
003 ES-MaACL
005 20230906184450.0
007 t|
008 061121s1961 sp r ||||1| spa d
100 1 _aMoreno, Alfonso María.
_983264
245 1 0 _aTriunfo y ruina de una vida, Alexis Carrel /
_cAlfonso Mª Moreno.
260 _aMadrid :
_bEspasa-Calpe,
_c1961.
300 _a274 p. 13 lám ;
_c22.
490 1 _aGrandes Biografías
600 0 4 _aCarrel, Alexis.
_935609
830 0 _aGrandes Biografías
_9181124
852 _aES-MaACL
_jC-22180
_bR.50966
999 _c107657
_d107657